Music Ho!: a study of music in decline
שמור ב:
| מחבר ראשי: | |
|---|---|
| פורמט: | ספר |
| שפה: | אנגלית |
| יצא לאור: |
Harmondsworth
Penguin Books
1948
|
| מהדורה: | 3a. ed |
| נושאים: | |
| תגים: |
הוספת תג
אין תגיות, היה/י הראשונ/ה לתייג את הרשומה!
|
MARC
| LEADER | 00000nam a2200000 a 4500 | ||
|---|---|---|---|
| 001 | UCW2505 | ||
| 003 | CL-VaPUC | ||
| 008 | 920519e19480000UK |||||||||||||||||eng|d | ||
| 082 | 0 | 4 | |a 780.9 |b LAM |2 21 |
| 100 | |a Lambert, Constant |e author |9 458788 | ||
| 245 | 1 | 0 | |a Music Ho!: a study of music in decline |
| 250 | |a 3a. ed | ||
| 300 | |a 251 p | ||
| 942 | |c BK | ||
| 945 | |d 19920519 00:00:00 | ||
| 260 | |a Harmondsworth |b Penguin Books |c 1948 | ||
| 650 | 7 | |a MUSICA HISTORIA Y CRITICA SIGLO 20 |2 CL-VaPUC |9 306686 | |
| 583 | |a last modification |c 20120530 11:56:24 |k Rodrigo Vera | ||
| 999 | |c 217045 |d 217043 | ||
| 952 | |0 0 |1 0 |4 0 |6 780_900000000000000_LAM_1948 |7 0 |8 A |9 203538 |a BIBEDU |b BIBEDU |d 2019-11-15 |i 270773K |o 780.9 LAM 1948 |p 270773K |r 2023-01-12 |w 2019-11-15 |y BK |k MUS | ||